000 00490nam a2200181Ia 4500
005 20250508162436.0
008 008 250505s9999 xx 000 0 hin d
037 _aTextual
040 _aFEDL
_beng
_cFEDL
041 _ahin
_2eng
084 _a891.22, SHA
_qFEDL
100 _aSharma Syam
_9398325
245 0 _aSanskrit ke etihasik natak
260 _aJaipur, India
_bDev Nagar Prakashan
300 _a484p
942 _cTEXL
_h891.22, SHA
999 _c1376568
_d1376568